[Event "13th Asian Continental 2014"]
[Site "Sharjah UAE"]
[Date "2014.04.24"]
[Round "8.5"]
[White "Gupta, Abhijeet"]
[Black "Salem, A.R. Saleh"]
[Result "0-1"]
[WhiteTitle "GM"]
[BlackTitle "GM"]
[WhiteElo "2630"]
[BlackElo "2561"]
[WhiteFideId "5010608"]
[BlackFideId "9301348"]
[EventDate "2014.04.17"]

1. d4 d5 2. c4 e6 3. Nf3 Nf6 4. Bg5 Nbd7 5. Nc3 h6 6. Bh4 Be7 7. e3 O-O 8. Qc2
c5 9. dxc5 Nxc5 10. cxd5 Nxd5 11. Bxe7 Nxe7 12. Be2 Qb6 13. O-O Bd7 14. Ne5 Rfd8
15. Rab1 Qc7 16. Nxd7 Nxd7 17. Rbc1 Rac8 18. Qa4 Qb6 19. Qb5 a6 20. Qxb6 Nxb6
21. Bf3 Rc7 22. Ne4 Rdc8 23. Rcd1 Nbd5 24. Nd6 Rd8 25. Nxf7 Kxf7 26. e4 Rc2 27.
exd5 Nxd5 28. Rb1 b5 29. Rfd1 Ke7 30. Kf1 g5 31. Rd4 Rf8 32. Re1 Nf4 33. Red1
Rxb2 34. Rd7+ Kf6 35. g3 Ng6 36. Ra7 Rxa2 37. Be2 Rc8 38. Rd3 Ne5 39. Re3 Rc1+
40. Kg2 Rcc2 41. Kf1 g4 42. Rh7 Ra1+ 43. Kg2 Rxe2 0-1

[Event "13th Asian Continental 2014"]
[Site "Sharjah UAE"]
[Date "2014.04.24"]
[Round "8.6"]
[White "Sengupta, Deep"]
[Black "Wen, Yang"]
[Result "0-1"]
[WhiteTitle "GM"]
[BlackTitle "GM"]
[WhiteElo "2531"]
[BlackElo "2581"]
[WhiteFideId "5008352"]
[BlackFideId "8602956"]
[EventDate "2014.04.17"]

1. d4 Nf6 2. c4 g6 3. Nc3 Bg7 4. e4 d6 5. f3 c5 6. dxc5 dxc5 7. Qxd8+ Kxd8 8.
Be3 Nfd7 9. Nge2 Nc6 10. O-O-O b6 11. b3 h5 12. f4 h4 13. Rg1 Bb7 14. g3 e6 15.
Nb5 Bf8 16. Bg2 a6 17. Nbc3 Kc7 18. e5 Be7 19. Nd5+ exd5 20. cxd5 hxg3 21. hxg3
Rh2 22. dxc6 Bxc6 23. Bxc6 Kxc6 24. Nc3 Rah8 25. Kb1 b5 26. Rge1 Nb6 27. Rc1 Rg2
28. e6 f5 29. Bg1 Rd8 30. Re5 b4 31. Bxc5 Bxc5 32. e7 Re8 33. Na4 Nd7 34. Re3
Rg1 35. Re6+ Kd5 36. Nxc5 Rxc1+ 37. Kxc1 Nxc5 38. Rxg6 Rxe7 39. Rf6 Ke4 40. Rc6
Kd4 41. Kd1 Rg7 42. Rf6 Ke4 43. Rc6 Nd3 44. Re6+ Kf3 45. Kc2 Rd7 46. Rg6 Nc5 47.
Rg5 Rd5 48. g4 Kxf4 0-1

[Event "13th Asian Continental 2014"]
[Site "Sharjah UAE"]
[Date "2014.04.24"]
[Round "8.7"]
[White "Sethuraman, S.P."]
[Black "Batchuluun, Tsegmed"]
[Result "1-0"]
[WhiteTitle "GM"]
[BlackTitle "GM"]
[WhiteElo "2576"]
[BlackElo "2521"]
[WhiteFideId "5021596"]
[BlackFideId "4900847"]
[EventDate "2014.04.17"]

1. d4 Nf6 2. c4 e6 3. Nc3 Bb4 4. e3 O-O 5. Bd3 c5 6. Nf3 d5 7. O-O cxd4 8. exd4
dxc4 9. Bxc4 b6 10. Bg5 Bb7 11. Re1 Nbd7 12. Rc1 Bxc3 13. bxc3 Qc7 14. Bd3 Rac8
15. Bh4 Qb8 16. Ne5 h6 17. Bb1 Qd6 18. Qc2 Rfd8 19. Re3 Kf8 20. Rce1 b5 21.
Nxd7+ Rxd7 22. Bxf6 gxf6 23. Qh7 Rdc7 24. Qxh6+ Ke7 25. Qg7 Qd5 26. h4 Rxc3 27.
Rxc3 Rxc3 28. Be4 Qc4 29. Bg6 Rc1 30. Qxf7+ Kd6 31. Qxb7 Rxe1+ 32. Kh2 Qxd4 33.
Qb8+ Ke7 34. Qe8+ Kd6 35. Qd8+ Kc5 36. Qxd4+ Kxd4 37. h5 Rc1 38. h6 Rc8 39. Kh3
Ke5 40. Kg4 b4 41. h7 a5 42. Bc2 Rh8 43. Kh5 Rxh7+ 44. Bxh7 f5 45. g4 a4 46.
gxf5 exf5 47. Bg8 Kf4 48. Kg6 b3 49. Bxb3 axb3 50. axb3 Kg4 51. Kf6 1-0

[Event "13th Asian Continental 2014"]
[Site "Sharjah UAE"]
[Date "2014.04.24"]
[Round "8.9"]
[White "Ganguly, Surya Shekhar"]
[Black "Nguyen, Duc Hoa"]
[Result "1/2-1/2"]
[WhiteTitle "GM"]
[BlackTitle "IM"]
[WhiteElo "2631"]
[BlackElo "2508"]
[WhiteFideId "5002150"]
[BlackFideId "12401358"]
[EventDate "2014.04.17"]

1. d4 d5 2. c4 c6 3. Nc3 e6 4. e3 Nf6 5. Nf3 Nbd7 6. Bd3 dxc4 7. Bxc4 b5 8. Bd3
Bd6 9. O-O Bb7 10. a3 O-O 11. Qc2 a6 12. Ng5 Bxh2+ 13. Kxh2 Ng4+ 14. Kg1 Qxg5
15. f3 Ngf6 16. Ne2 Qh4 17. g3 Qh5 18. Rf2 Rfc8 19. g4 Qh3 20. Bd2 c5 21. Nf4
Qg3+ 22. Rg2 Qxf3 23. d5 Nxd5 24. Bxh7+ Kf8 25. Nxe6+ Ke7 26. Be4 Qf6 27. Nf4
Nxf4 28. exf4 Qd4+ 29. Rf2 Bxe4 30. Re1 f5 31. gxf5 Nf6 32. Bc3 Kf7 33. Bxd4
Bxc2 34. Bxf6 Bxf5 35. Bc3 Re8 36. Rfe2 Rxe2 37. Rxe2 g6 38. Re5 Rc8 39. Kf2 Be6
40. Ke3 Rc6 41. Ke4 Ke8 42. Rg5 Bf5+ 43. Kd5 Kd7 44. Rg2 Bb1 45. Rd2 Bf5 46. Rh2
Be6+ 47. Ke5 Bb3 48. Rd2+ Ke7 49. f5 gxf5 50. Kxf5 Rh6 51. Be5 Ba2 52. Rd1 Bf7
53. Rd2 Bg6+ 54. Kg4 Ke6 55. Bf4 Bf5+ 56. Kf3 Rh3+ 57. Bg3 Be4+ 58. Kg4 Bf5+ 59.
Kf3 Be4+ 60. Kg4 Bf5+ 1/2-1/2

[Event "13th Asian Continental 2014"]
[Site "Sharjah UAE"]
[Date "2014.04.24"]
[Round "8.11"]
[White "Dao, Thien Hai"]
[Black "Nguyen, Ngoc Truong Son"]
[Result "0-1"]
[WhiteTitle "GM"]
[BlackTitle "GM"]
[WhiteElo "2490"]
[BlackElo "2621"]
[WhiteFideId "12400084"]
[BlackFideId "12401110"]
[EventDate "2014.04.17"]

1. d4 d5 2. c4 c6 3. cxd5 cxd5 4. Nc3 Nf6 5. Nf3 Nc6 6. Bf4 Bf5 7. e3 e6 8. Qb3
Bb4 9. Ne5 Bxc3+ 10. bxc3 Nxe5 11. Bxe5 O-O 12. Be2 Rc8 13. O-O Ne4 14. Rfc1 Qa5
15. Qb4 Qxb4 16. cxb4 Rc3 17. Rxc3 Nxc3 18. Bf1 Rc8 19. f3 f6 20. Bd6 Bc2 21.
Bc5 b6 22. Bd6 Ba4 23. Bg3 Kf7 24. Be1 Nb5 25. Bxb5 Bxb5 26. a4 Bd3 27. a5 g5
28. Ra3 Rc1 29. Kf2 Rc2+ 30. Kg1 Bb5 31. Rc3 Re2 32. Bg3 Bc4 33. axb6 axb6 34.
h3 Ra2 35. Bc7 b5 36. Rc1 h5 37. Re1 Kg6 38. Kh2 Bd3 39. Bd6 Kf5 40. Be7 e5 41.
dxe5 fxe5 42. h4 gxh4 43. Bxh4 Be2 44. e4+ dxe4 45. Kg3 e3 46. Be7 e4 47. Bc5
exf3 48. Bxe3 fxg2 49. Kxg2 Kg4 50. Bc5 Bf3+ 51. Kg1 h4 52. Re7 h3 53. Rg7+ Kf5
54. Bd6 Rd2 55. Bb8 Rb2 56. Rh7 Bg4 57. Bd6 Ke4 58. Rh6 Rg2+ 59. Kf1 Bf5 60.
Rh4+ Ke3 61. Bf4+ Kf3 62. Bb8 Rb2 0-1

[Event "13th Asian Continental 2014"]
[Site "Sharjah UAE"]
[Date "2014.04.24"]
[Round "8.12"]
[White "Vidit, Santosh Gujrathi"]
[Black "Gundavaa, Bayarsaikhan"]
[Result "1/2-1/2"]
[WhiteTitle "GM"]
[BlackTitle "GM"]
[WhiteElo "2610"]
[BlackElo "2507"]
[WhiteFideId "5029465"]
[BlackFideId "4901045"]
[EventDate "2014.04.17"]

1. d4 Nf6 2. c4 e6 3. Nf3 d5 4. Nc3 Nbd7 5. Bf4 c6 6. e3 Be7 7. Qc2 O-O 8. Bd3
dxc4 9. Bxc4 Nb6 10. Be2 c5 11. dxc5 Nbd5 12. Nxd5 Nxd5 13. O-O Nxf4 14. exf4
Qc7 15. Ne5 Qxc5 16. Rac1 Qxc2 17. Rxc2 Rd8 18. g3 Kf8 19. Bf3 Rb8 20. Rfc1 f6
21. Nc4 Bd7 22. Na5 b6 23. Nc6 Bxc6 24. Rxc6 Rd2 25. Rxe6 Rxb2 26. Rc7 Bc5 27.
Re2 Rxe2 28. Bxe2 Re8 29. Bc4 Re7 30. Rc8+ Re8 31. Rc7 Re7 32. Rc8+ Re8 1/2-1/2

[Event "13th Asian Continental 2014"]
[Site "Sharjah UAE"]
[Date "2014.04.24"]
[Round "8.13"]
[White "Al-Sayed, Mohammed"]
[Black "Gopal, G.N."]
[Result "1/2-1/2"]
[WhiteTitle "GM"]
[BlackTitle "GM"]
[WhiteElo "2502"]
[BlackElo "2553"]
[WhiteFideId "12100196"]
[BlackFideId "5015693"]
[EventDate "2014.04.17"]

1. d4 Nf6 2. c4 g6 3. Nc3 d5 4. cxd5 Nxd5 5. Bd2 Bg7 6. e4 Nb6 7. Be3 O-O 8. h3
e5 9. dxe5 Bxe5 10. Qc2 Nc6 11. Nf3 Bg7 12. Bc5 Re8 13. Rd1 Qf6 14. Be2 Ne5 15.
Nd2 Qg5 16. Kf1 Nec4 17. Nb3 Be6 18. h4 Qf6 19. Bd4 Qe7 20. Bc5 Qf6 21. Bd4 Qe7
22. Bc5 Qf6 23. Bd4 Qe7 24. Nb1 Qd8 1/2-1/2

[Event "13th Asian Continental 2014"]
[Site "Sharjah UAE"]
[Date "2014.04.24"]
[Round "8.14"]
[White "Vaibhav, Suri"]
[Black "Idani, Pouya"]
[Result "1-0"]
[WhiteTitle "GM"]
[BlackTitle "IM"]
[WhiteElo "2530"]
[BlackElo "2502"]
[WhiteFideId "5045185"]
[BlackFideId "12510130"]
[EventDate "2014.04.17"]

1. d4 Nf6 2. c4 g6 3. Nf3 Bg7 4. g3 c5 5. Bg2 Qa5+ 6. Qd2 Qxd2+ 7. Nbxd2 cxd4 8.
Nb3 Nc6 9. Nbxd4 Ne4 10. Be3 Nd6 11. Rc1 e5 12. Nb3 Nf5 13. Bd2 e4 14. Ng5 e3
15. Bc3 O-O 16. Ne4 a5 17. a4 Ra6 18. c5 b6 19. Nf6+ Kh8 20. Nd5 bxc5 21. Nxc5
Ra7 22. fxe3 d6 23. Nd3 Nce7 24. Bxg7+ Kxg7 25. Kf2 Nxd5 26. Bxd5 Ne7 27. Bf3
Ba6 28. Rhd1 Rb8 29. Rc2 Nc8 30. Nf4 Bb7 31. Bd5 Ba6 32. Rd4 Ne7 33. Be4 Rb6 34.
g4 Bc8 35. h3 Be6 36. Bd3 Bd7 37. Be4 Be6 38. Bd3 Bd7 39. Rd2 Rab7 40. Be4 Rb8
41. Rc2 Rc8 42. Rxc8 Nxc8 43. Nd3 Ne7 44. Bf3 g5 45. Ke1 h5 46. Kd2 hxg4 47.
hxg4 f5 48. gxf5 Bxf5 49. b4 Bxd3 50. bxa5 Ra6 51. exd3 Rxa5 52. Kc3 Kf7 53. Kb4
Re5 54. Rxd6 Rxe3 55. Be4 Re1 56. a5 g4 57. a6 Ra1 58. Kc5 g3 59. Rb6 Nc8 60.
Rg6 Ne7 61. Rb6 Nc8 62. Rb8 Ne7 1-0

[Event "13th Asian Continental 2014"]
[Site "Sharjah UAE"]
[Date "2014.04.24"]
[Round "8.15"]
[White "Wan, Yunguo"]
[Black "Kunte, Abhijit"]
[Result "1/2-1/2"]
[WhiteTitle "IM"]
[BlackTitle "GM"]
[WhiteElo "2505"]
[BlackElo "2470"]
[WhiteFideId "8603189"]
[BlackFideId "5002265"]
[EventDate "2014.04.17"]

1. e4 c5 2. Nf3 e6 3. d4 cxd4 4. Nxd4 Nc6 5. Nc3 Qc7 6. Be2 Nf6 7. O-O Be7 8.
Be3 d6 9. Kh1 a6 10. a4 Nxd4 11. Qxd4 O-O 12. f4 Bd7 13. e5 Ne8 14. Qb4 Bc6 15.
Bb6 dxe5 16. Qa5 Qc8 17. fxe5 f6 18. Bg4 f5 19. Be2 g5 20. Rad1 Ng7 21. Bf3 g4
22. Bxc6 Qxc6 23. Be3 Rac8 24. Qb6 Qxb6 25. Bxb6 Rf7 26. Rd4 h5 27. Rfd1 Bg5 28.
a5 Kh7 29. g3 Kg6 30. Rf1 h4 31. gxh4 Bxh4 32. Kg2 Bg5 33. h3 gxh3+ 34. Kxh3 f4
35. Ne4 Nf5 36. Rd3 Rxc2 37. Bf2 Rc4 38. Nxg5 Kxg5 39. Rg1+ Kh6 40. Rd8 Kh7 41.
Kg2 Rg7+ 42. Kh1 Rxg1+ 43. Kxg1 Kg6 44. Kg2 Ne3+ 45. Kf3 Kf5 46. Rd7 Rb4 47. Be1
Rxb2 48. Rf7+ Kg5 49. Rg7+ Kf5 50. Rf7+ Kg6 51. Rf6+ Kg5 52. Rxe6 Ng4 53. Re7
Rb3+ 54. Ke2 f3+ 55. Kd2 f2 56. Bxf2 Nxf2 57. Rf7 Ne4+ 58. Kc2 Rb5 59. e6 Kg6
60. Rf8 Re5 61. Rf7 Nd6 62. Rd7 Rxe6 63. Kd3 Kf6 64. Kd4 Nb5+ 65. Kc5 Rc6+ 66.
Kd5 Nc7+ 1/2-1/2

[Event "13th Asian Continental 2014"]
[Site "Sharjah UAE"]
[Date "2014.04.24"]
[Round "8.16"]
[White "Lalith, Babu M.R."]
[Black "Fang, Yan"]
[Result "1-0"]
[WhiteTitle "GM"]
[WhiteElo "2594"]
[BlackElo "2323"]
[WhiteFideId "5024595"]
[BlackFideId "8604746"]
[EventDate "2014.04.17"]

1. d4 Nf6 2. c4 e6 3. Nf3 c5 4. g3 cxd4 5. Nxd4 Bb4+ 6. Nc3 Ne4 7. Bd2 Bxc3 8.
bxc3 O-O 9. Bg2 d5 10. O-O Nc6 11. Nxc6 bxc6 12. Bf4 Ba6 13. Bxe4 dxe4 14. Qa4
Qc8 15. Rfd1 c5 16. Rd6 Bb7 17. Rad1 e5 18. Bxe5 Qf5 19. Bf4 e3 20. f3 g5 21.
Bxe3 Rfe8 22. R1d3 g4 23. Qd7 Qxd7 24. Rxd7 Ba6 25. Kf2 Bxc4 26. Rd2 Re5 27. Rc7
Rh5 28. Rxc5 Rxh2+ 29. Kg1 Rxe2 30. Rg5+ 1-0

[Event "13th Asian Continental 2014"]
[Site "Sharjah UAE"]
[Date "2014.04.24"]
[Round "8.17"]
[White "Pourramezanali, Amirreza"]
[Black "Debashis, Das"]
[Result "1-0"]
[WhiteTitle "FM"]
[BlackTitle "GM"]
[WhiteElo "2435"]
[BlackElo "2504"]
[WhiteFideId "12511412"]
[BlackFideId "5024854"]
[EventDate "2014.04.17"]

1. e4 c5 2. c3 Nf6 3. e5 Nd5 4. d4 cxd4 5. Nf3 e6 6. cxd4 d6 7. Bc4 Nc6 8. O-O
Be7 9. Bd2 O-O 10. Nc3 Nb6 11. Bb3 dxe5 12. dxe5 Na5 13. Bc2 Nac4 14. Qe2 Nxd2
15. Nxd2 Qd4 16. Rad1 Qf4 17. Nf3 Qh6 18. Be4 Rb8 19. Qb5 g6 20. Qa5 Bd7 21.
Qxa7 Bc5 22. b4 Ra8 23. Qxb7 Rab8 24. bxc5 Rxb7 25. Bxb7 Bc8 26. Bxc8 Nxc8 27.
c6 Qf4 28. Rd4 Qf5 29. Ne4 Kg7 30. Rc1 Qf4 31. Ned2 1-0

[Event "13th Asian Continental 2014"]
[Site "Sharjah UAE"]
[Date "2014.04.24"]
[Round "8.18"]
[White "Gao, Rui"]
[Black "Xu, Yinglun"]
[Result "1/2-1/2"]
[WhiteTitle "GM"]
[WhiteElo "2484"]
[BlackElo "2381"]
[WhiteFideId "8602387"]
[BlackFideId "8604940"]
[EventDate "2014.04.17"]

1. e4 c5 2. Nf3 d6 3. d4 cxd4 4. Nxd4 Nf6 5. Nc3 e6 6. f4 Be7 7. Qf3 Qb6 8. Nb3
Nc6 9. Be3 Qc7 10. O-O-O a6 11. g4 b5 12. g5 Nd7 13. a3 Rb8 14. Qh3 b4 15. axb4
Nxb4 16. Rg1 Nb6 17. g6 1/2-1/2

[Event "13th Asian Continental 2014"]
[Site "Sharjah UAE"]
[Date "2014.04.24"]
[Round "8.19"]
[White "Shyam, Sundar M."]
[Black "Nezad, Husein Aziz"]
[Result "0-1"]
[WhiteTitle "GM"]
[BlackTitle "IM"]
[WhiteElo "2481"]
[BlackElo "2366"]
[WhiteFideId "5019141"]
[BlackFideId "12100293"]
[EventDate "2014.04.17"]

1. c4 e6 2. Nf3 d5 3. g3 Nf6 4. Bg2 Be7 5. O-O O-O 6. Qc2 c5 7. d4 cxd4 8. Nxd4
Nc6 9. Nxc6 bxc6 10. b3 a5 11. Bb2 Ba6 12. Nd2 Qb6 13. Nf3 a4 14. bxa4 Bxc4 15.
Ne5 Ba6 16. a5 Qb5 17. Nxc6 Bd6 18. a4 Qxe2 19. Qxe2 Bxe2 20. Rfc1 Ra6 21. Bf1
Bxf1 22. Kxf1 Ne4 23. Rc2 Nc5 24. Nd4 Rxa5 25. Nb5 Be7 26. Ba3 Rxa4 27. Rac1
Rxa3 28. Nxa3 Nd3 29. Ra1 Ra8 30. Rc7 Bd6 31. Rd7 Be5 32. Rb1 Nc5 33. Re7 Bd6 0-1

[Event "13th Asian Continental 2014"]
[Site "Sharjah UAE"]
[Date "2014.04.24"]
[Round "8.20"]
[White "Wang, Yiye"]
[Black "Vakhidov, Jahongir"]
[Result "1/2-1/2"]
[BlackTitle "IM"]
[WhiteElo "2415"]
[BlackElo "2472"]
[WhiteFideId "8606021"]
[BlackFideId "14201801"]
[EventDate "2014.04.17"]

1. e4 g6 2. d4 Bg7 3. h3 d6 4. Nf3 c5 5. c3 Nf6 6. Bd3 O-O 7. O-O cxd4 8. cxd4
Nc6 9. Nc3 e5 10. dxe5 dxe5 11. Bc4 h6 12. Be3 Qe7 13. Qe2 b6 14. Rac1 Bb7 15.
Rfd1 Na5 16. Nd5 Bxd5 17. Bxd5 Rad8 18. Qb5 Nxd5 19. Rxd5 Rxd5 20. Qxd5 Rd8 21.
Qb5 Nb7 22. Qc6 Kh7 23. g3 Rd6 24. Qa4 Nd8 25. h4 Ne6 26. Rd1 Nd4 27. Kg2 b5 28.
Qa3 Qd7 29. Qc5 Qe6 30. Bxd4 exd4 31. e5 Rd5 32. Qxa7 d3 33. Qe3 Bxe5 34. b3 Bc3
35. Rxd3 Qxe3 36. Rxe3 b4 37. a3 Rb5 38. axb4 Bxb4 39. Ne5 Kg7 40. Nc4 Rd5 41.
Kf1 Rd1+ 42. Ke2 Rb1 43. Rd3 Re1+ 44. Kf3 Rb1 45. Ne3 Bc5 46. Nd1 Ra1 47. Ke2
Bb4 48. Rd4 Ra2+ 49. Kd3 Be1 50. Ke3 g5 51. hxg5 hxg5 52. g4 Kg6 53. f3 Bg3 54.
Ke4 f6 55. Rd5 Ra1 56. Ne3 Re1 57. Kd3 Be5 58. Nf5 Kf7 59. Kc4 Rc1+ 60. Kb4 Ke6
61. Rd3 Rc8 62. Ng7+ Ke7 63. Rd5 Rc7 64. Rd3 Rc8 65. Rd5 Rc7 66. Nf5+ Ke6 67.
Rc5 Rh7 68. Rc6+ Kd5 69. Rc5+ Ke6 70. Rc2 Rb7+ 71. Kc4 Rc7+ 72. Kd3 Rb7 73. Ke4 1/2-1/2

[Event "13th Asian Continental 2014"]
[Site "Sharjah UAE"]
[Date "2014.04.24"]
[Round "8.21"]
[White "Chu, Wei Chao"]
[Black "Vishnu Prasanna, V"]
[Result "1-0"]
[BlackTitle "GM"]
[WhiteElo "2315"]
[BlackElo "2465"]
[WhiteFideId "8605661"]
[BlackFideId "5030692"]
[EventDate "2014.04.17"]

1. d4 Nf6 2. c4 e6 3. Nf3 d5 4. Qc2 c5 5. cxd5 exd5 6. e3 c4 7. Be2 Nc6 8. O-O
Bd6 9. Nc3 O-O 10. b3 cxb3 11. axb3 Re8 12. Ba3 Nb4 13. Qb2 Ne4 14. Nb5 Bf8 15.
Rfc1 Nc6 16. Bxf8 Kxf8 17. Ne5 Bd7 18. f3 Nxe5 19. dxe5 Bxb5 20. Bxb5 Qb6 21.
Qe2 Rxe5 22. fxe4 Rxe4 23. Re1 d4 24. Qf3 Re7 25. Bc4 dxe3 26. Re2 Rd8 27. Rae1
Qc5 28. Rxe3 f6 29. Qf2 Rxe3 30. Qxe3 Qxe3+ 31. Rxe3 Rd1+ 32. Kf2 a6 33. Rd3 1-0

[Event "13th Asian Continental 2014"]
[Site "Sharjah UAE"]
[Date "2014.04.24"]
[Round "8.22"]
[White "Munkhgal, Gombosuren"]
[Black "Akshat, Khamparia"]
[Result "0-1"]
[WhiteTitle "IM"]
[BlackTitle "IM"]
[WhiteElo "2424"]
[BlackElo "2374"]
[WhiteFideId "4901266"]
[BlackFideId "5016541"]
[EventDate "2014.04.17"]

1. b3 e5 2. Bb2 d6 3. e3 Be7 4. c4 f5 5. Nc3 Nf6 6. d4 e4 7. f3 O-O 8. Qc2 Nc6
9. a3 Kh8 10. O-O-O a6 11. Nh3 b5 12. cxb5 axb5 13. Bxb5 Na7 14. Ba4 d5 15. Nf4
c6 16. b4 Bd6 17. Nfe2 Qe7 18. Kb1 Ba6 19. Ng3 g6 20. Rhe1 Rfb8 21. Na2 Nb5 22.
Bb3 Nxa3+ 23. Bxa3 Bd3 24. Rxd3 exd3 25. Qb2 Qa7 26. Rd1 Qxa3 27. Qxa3 Rxa3 28.
Kb2 Ra6 29. Rxd3 Bxg3 30. hxg3 Nh5 31. Nc3 Rxb4 32. Ne2 Kg7 33. Rc3 Kf6 34. Kc2
Ke7 35. e4 fxe4 36. g4 exf3 37. gxf3 Ng7 38. Nf4 Rxd4 39. Re3+ Kd6 40. Nd3 c5
41. Ne5 c4 42. Kc3 Rf4 43. Bxc4 d4+ 0-1

[Event "13th Asian Continental 2014"]
[Site "Sharjah UAE"]
[Date "2014.04.24"]
[Round "8.23"]
[White "Al-Hadarani, Hatim"]
[Black "Abdyjapar, Asyl"]
[Result "1-0"]
[WhiteTitle "FM"]
[BlackTitle "IM"]
[WhiteElo "2249"]
[BlackElo "2406"]
[WhiteFideId "9400273"]
[BlackFideId "13800337"]
[EventDate "2014.04.17"]

1. d4 Nf6 2. Bg5 Ne4 3. Bf4 c5 4. f3 Nf6 5. d5 Qb6 6. Nc3 Qxb2 7. Bd2 Qb6 8. e4
d6 9. f4 a6 10. e5 Ng4 11. e6 Nh6 12. Bc4 g6 13. Nf3 Bg7 14. Rb1 Qd8 15. a4 O-O
16. Ng5 fxe6 17. Nxe6 Bxe6 18. dxe6 Nc6 19. O-O Qa5 20. Nd5 Qd8 21. Rxb7 Nf5 22.
g4 Nh6 23. h3 Kh8 24. Qe1 Ng8 25. g5 Rf5 26. Qe4 Ra7 27. Rxa7 Nxa7 28. Kh2 Qe8
29. Ne3 Rf8 30. Bxa6 Bd4 31. c3 Bg7 32. Kg2 d5 33. Nxd5 Qc6 34. Be2 Rd8 35. Bf3
Rd6 36. Re1 c4 37. h4 Qxa4 38. h5 gxh5 39. Kg3 Qc6 40. f5 Rd8 41. Rh1 Nb5 1-0

[Event "13th Asian Continental 2014"]
[Site "Sharjah UAE"]
[Date "2014.04.24"]
[Round "8.24"]
[White "Igonin, Temur"]
[Black "Omar, Noaman"]
[Result "0-1"]
[WhiteTitle "FM"]
[BlackTitle "IM"]
[WhiteElo "2194"]
[BlackElo "2361"]
[WhiteFideId "14203049"]
[BlackFideId "9300244"]
[EventDate "2014.04.17"]

1. e4 e5 2. Nf3 Nc6 3. Bc4 Nf6 4. d3 Bc5 5. O-O O-O 6. Nbd2 d5 7. exd5 Nxd5 8.
Re1 Nf6 9. h3 Bd6 10. a3 a6 11. Ba2 b5 12. Ne4 Nxe4 13. Rxe4 Bf5 14. Re1 Qd7 15.
Bd2 Rae8 16. Bd5 Ne7 17. Bb3 Ng6 18. Ng5 Be7 19. Qh5 Bxg5 20. Qxg5 Be6 21. Bxe6
Rxe6 22. h4 f6 23. Qg3 Rfe8 24. h5 Ne7 25. Qh3 c5 26. Be3 Nd5 27. Bxc5 Nf4 28.
Qf3 Qf7 29. Be3 Nxh5 30. g4 Nf4 31. Bxf4 exf4 32. Kf1 g5 33. Qh3 Qe7 34. Rxe6
Qxe6 35. Kg2 h5 36. gxh5 Qxh3+ 37. Kxh3 Re2 38. Kg4 Rxf2 39. Kf5 Kg7 40. h6+
Kxh6 41. Kxf6 Kh5 42. Rg1 Rxc2 43. Rxg5+ Kh4 44. Rf5 Kg3 45. d4 f3 46. d5 Rxb2
47. d6 Rd2 48. Ke7 f2 49. d7 a5 50. Rf6 b4 51. axb4 axb4 52. Rg6+ Kf3 53. Rf6+
Ke2 54. Re6+ Kd1 55. Rf6 Ke1 56. Re6+ Re2 57. d8=Q f1=Q 58. Qd4 Rxe6+ 59. Kxe6
Qh3+ 60. Kd5 Qc3 61. Ke5 Kf1 62. Kd5 Ke2 63. Ke5 Qd2 64. Qc4+ Kd1 65. Ke4 Qc3
66. Qd5+ Kc1 67. Qg5+ Kb2 68. Qd5 b3 69. Qb5 Kb1 70. Qf1+ Qc1 71. Qb5 b2 72. Kf3
Qd2 73. Qc4 Qd1+ 74. Kg3 Qd6+ 75. Kf3 Qa3+ 76. Kf2 Ka1 77. Qd4 Qa5 78. Ke2 Qb5+
79. Ke1 Ka2 80. Qd2 Qe5+ 81. Kd1 Ka1 0-1

[Event "13th Asian Continental 2014"]
[Site "Sharjah UAE"]
[Date "2014.04.24"]
[Round "8.25"]
[White "Chahrour, Ibrahim"]
[Black "Darini, Pouria"]
[Result "1/2-1/2"]
[WhiteTitle "FM"]
[BlackTitle "GM"]
[WhiteElo "2079"]
[BlackElo "2471"]
[WhiteFideId "5301653"]
[BlackFideId "12502200"]
[EventDate "2014.04.17"]

1. e4 c5 2. Nf3 d6 3. d4 cxd4 4. Nxd4 Nf6 5. Nc3 a6 6. Bg5 Nbd7 7. Bc4 Qa5 8.
Qd2 e6 9. O-O-O b5 10. Bd5 b4 11. Bxa8 bxc3 12. bxc3 Qxa2 13. Qe2 Nb6 14. Kd2
Bd7 1/2-1/2

[Event "13th Asian Continental 2014"]
[Site "Sharjah UAE"]
[Date "2014.04.24"]
[Round "8.26"]
[White "Al-Hajiri, Bader"]
[Black "Khader, Sami"]
[Result "1/2-1/2"]
[BlackTitle "IM"]
[WhiteElo "2095"]
[BlackElo "2356"]
[WhiteFideId "10300163"]
[BlackFideId "8100500"]
[EventDate "2014.04.17"]

1. e4 e6 2. d4 d5 3. Nc3 Bb4 4. e5 c5 5. a3 Bxc3+ 6. bxc3 Nc6 7. Qg4 g6 8. Nf3
Qc7 9. h4 cxd4 10. h5 Nxe5 11. Qxd4 Nxf3+ 12. gxf3 e5 13. Bb5+ Kf8 14. Qb4+ Qe7
15. Bg5 Qxb4 16. axb4 Bf5 17. O-O-O a6 18. Bd3 e4 19. Be2 f6 20. Be3 Ne7 21. Bc5
Kf7 22. c4 Rhd8 23. cxd5 b5 24. fxe4 Bxe4 25. hxg6+ Bxg6 26. d6 Nc6 27. Bf3 Rac8
28. d7 Rc7 29. Bb6 Rdxd7 30. Bxc7 Rxc7 31. Bd5+ Kf8 32. Bxc6 Rxc6 33. Rd2 Rc4
34. Rh3 Rxb4 35. Ra3 Rc4 36. Rxa6 Kg7 37. Rb6 Rc5 38. Kb2 h5 39. c3 h4 40. Rd7+
Kh6 41. Rxf6 h3 42. Rdd6 Rg5 43. Rf3 h2 44. Rh3+ Rh5 45. Rg3 Rg5 1/2-1/2

[Event "13th Asian Continental 2014"]
[Site "Sharjah UAE"]
[Date "2014.04.24"]
[Round "8.27"]
[White "Ayyad, Maher"]
[Black "Al-Takrori, Husam"]
[Result "1-0"]
[WhiteTitle "FM"]
[WhiteElo "2161"]
[BlackElo "2097"]
[WhiteFideId "11200235"]
[BlackFideId "11501200"]
[EventDate "2014.04.17"]

1. d4 Nf6 2. g3 e6 3. Bg2 c5 4. Nf3 d5 5. O-O Nc6 6. c4 dxc4 7. Ne5 Nxe5 8. dxe5
Qxd1 9. Rxd1 Nd7 10. f4 Rb8 11. a4 Be7 12. Na3 O-O 13. Nxc4 Rd8 14. Be3 b6 15.
Nd6 Bxd6 16. Rxd6 Bb7 17. Rad1 Bxg2 18. Kxg2 Rb7 19. f5 h6 20. fxe6 fxe6 21.
Rxe6 Rf8 22. Re7 Rf7 23. Re8+ Rf8 24. Rxf8+ Kxf8 25. Rd5 Ke7 26. Kf3 Nb8 27. Ke4
Nc6 28. Rd6 Na5 29. Rg6 Kf7 30. Kf5 Nc4 31. e6+ Ke8 32. Bf4 Nxb2 33. Bxh6 Nxa4
34. Bxg7 Ke7 35. Be5 Kf8 36. Ke4 1-0

[Event "13th Asian Continental 2014"]
[Site "Sharjah UAE"]
[Date "2014.04.24"]
[Round "8.28"]
[White "Muniz Pardino, Alberto"]
[Black "Mamyrbay, Assad"]
[Result "0-1"]
[WhiteElo "2105"]
[BlackElo "2017"]
[WhiteFideId "2229560"]
[BlackFideId "13708880"]
[EventDate "2014.04.17"]

1. e4 c5 2. b3 g6 3. Bb2 Nf6 4. Nc3 Bg7 5. e5 Nh5 6. Be2 Nf4 7. g3 Nxe2 8. Qxe2
Nc6 9. O-O-O O-O 10. f4 d6 11. exd6 exd6 12. Qg2 Nd4 13. Nge2 Bf5 14. Nxd4 cxd4
15. Ne2 Qa5 16. Kb1 Bxc2+ 17. Kxc2 Qxa2 18. Nc3 d3+ 19. Kxd3 Qxb2 20. Rb1 Qa3
21. Qxb7 d5 22. Ra1 Qc5 23. Qa6 Rfc8 24. Qa5 Qd4+ 25. Ke2 Re8+ 26. Kd1 Qf2 27.
Kc2 Rac8 28. Raf1 Qg2 29. Rhg1 Bxc3 0-1